<?xml version="1.0" encoding="UTF-8"?>
<record
    xmlns:xsi="http://www.w3.org/2001/XMLSchema-instance"
    xsi:schemaLocation="http://www.loc.gov/MARC21/slim http://www.loc.gov/standards/marcxml/schema/MARC21slim.xsd"
    xmlns="http://www.loc.gov/MARC21/slim">

  <leader>01076nam2a2200253   4500</leader>
  <controlfield tag="001">RU\NLR\bibl\457550</controlfield>
  <controlfield tag="005">20250623183207.0</controlfield>
  <datafield tag="021" ind1=" " ind2=" ">
    <subfield code="a">RU</subfield>
    <subfield code="b">2003-13572&#x43F;</subfield>
    <subfield code="9">520</subfield>
  </datafield>
  <datafield tag="035" ind1=" " ind2=" ">
    <subfield code="a">(NLR Aleph) 000451069</subfield>
  </datafield>
  <datafield tag="090" ind1=" " ind2=" ">
    <subfield code="a">874277</subfield>
    <subfield code="c">874277</subfield>
  </datafield>
  <datafield tag="100" ind1=" " ind2=" ">
    <subfield code="a">20031111d2003    |||y0rusy50      ca</subfield>
  </datafield>
  <datafield tag="101" ind1="0" ind2=" ">
    <subfield code="a">rus</subfield>
    <subfield code="e">rus</subfield>
    <subfield code="e">eng</subfield>
  </datafield>
  <datafield tag="102" ind1=" " ind2=" ">
    <subfield code="a">RU</subfield>
  </datafield>
  <datafield tag="105" ind1=" " ind2=" ">
    <subfield code="a">a   |||||||||</subfield>
  </datafield>
  <datafield tag="200" ind1="0" ind2=" ">
    <subfield code="a">3</subfield>
    <subfield code="f">[&#x41D;&#x430;&#x443;&#x447;. &#x440;&#x435;&#x434;.: &#x41A;&#x43D;&#x44F;&#x437;&#x435;&#x432; &#x413;.&#x411;. &#x438; &#x434;&#x440;.]</subfield>
  </datafield>
  <datafield tag="215" ind1=" " ind2=" ">
    <subfield code="a">315, [1] &#x441;.</subfield>
    <subfield code="c">&#x438;&#x43B;.</subfield>
  </datafield>
  <datafield tag="461" ind1=" " ind2="0">
    <subfield code="1">001RU\NLR\bibl\457435</subfield>
    <subfield code="1">2001#$a&#x41F;&#x440;&#x43E;&#x431;&#x43B;&#x435;&#x43C;&#x44B; &#x433;&#x435;&#x43E;&#x43B;&#x43E;&#x433;&#x438;&#x438; &#x438; &#x433;&#x435;&#x43E;&#x433;&#x440;&#x430;&#x444;&#x438;&#x438; &#x421;&#x438;&#x431;&#x438;&#x440;&#x438;$v3</subfield>
    <subfield code="9">873595</subfield>
    <subfield code="c">&#x422;&#x43E;&#x43C;&#x441;&#x43A;</subfield>
    <subfield code="d">2003</subfield>
    <subfield code="n">&#x422;&#x413;&#x423;</subfield>
    <subfield code="o">&#x41C;&#x430;&#x442;&#x435;&#x440;&#x438;&#x430;&#x43B;&#x44B; &#x43D;&#x430;&#x443;&#x447;. &#x43A;&#x43E;&#x43D;&#x444;., &#x43F;&#x43E;&#x441;&#x432;&#x44F;&#x449;. 125-&#x43B;&#x435;&#x442;&#x438;&#x44E; &#x43E;&#x441;&#x43D;&#x43E;&#x432;&#x430;&#x43D;&#x438;&#x44F; &#x422;&#x43E;&#x43C;. &#x433;&#x43E;&#x441;. &#x443;&#x43D;-&#x442;&#x430; &#x438; 70-&#x43B;&#x435;&#x442;&#x438;&#x44E; &#x43E;&#x431;&#x440;&#x430;&#x437;&#x43E;&#x432;&#x430;&#x43D;&#x438;&#x44F; &#x433;&#x435;&#x43E;&#x43B;.-&#x433;&#x435;&#x43E;&#x433;&#x440;. &#x444;&#x430;&#x43A;. 2-4 &#x430;&#x43F;&#x440;. 2003 &#x433;.</subfield>
    <subfield code="t">&#x41F;&#x440;&#x43E;&#x431;&#x43B;&#x435;&#x43C;&#x44B; &#x433;&#x435;&#x43E;&#x43B;&#x43E;&#x433;&#x438;&#x438; &#x438; &#x433;&#x435;&#x43E;&#x433;&#x440;&#x430;&#x444;&#x438;&#x438; &#x421;&#x438;&#x431;&#x438;&#x440;&#x438;</subfield>
    <subfield code="v">3</subfield>
  </datafield>
  <datafield tag="702" ind1=" " ind2="1">
    <subfield code="a">&#x41A;&#x43D;&#x44F;&#x437;&#x435;&#x432;</subfield>
    <subfield code="b">&#x413;. &#x411;.</subfield>
    <subfield code="4">340</subfield>
  </datafield>
  <datafield tag="801" ind1=" " ind2="0">
    <subfield code="a">RU</subfield>
    <subfield code="b">NLR</subfield>
    <subfield code="c">20031111</subfield>
    <subfield code="g">PSBO</subfield>
  </datafield>
  <datafield tag="801" ind1=" " ind2="1">
    <subfield code="a">RU</subfield>
    <subfield code="b">NLR</subfield>
    <subfield code="c">20031111</subfield>
  </datafield>
  <datafield tag="852" ind1=" " ind2=" ">
    <subfield code="a">NLR</subfield>
    <subfield code="j">&#x41F;2/639</subfield>
  </datafield>
  <datafield tag="942" ind1=" " ind2=" ">
    <subfield code="c">BOOK</subfield>
  </datafield>
  <datafield tag="980" ind1=" " ind2=" ">
    <subfield code="a">NB</subfield>
  </datafield>
  <datafield tag="995" ind1=" " ind2=" ">
    <subfield code="5">2013-10-26</subfield>
    <subfield code="b">NLR01</subfield>
    <subfield code="c">NLR01</subfield>
    <subfield code="e">RJF</subfield>
    <subfield code="f">451069-10</subfield>
    <subfield code="k">&#x41F;2/639</subfield>
    <subfield code="o">0</subfield>
    <subfield code="r">BOOK</subfield>
    <subfield code="s">2639_</subfield>
  </datafield>
</record>
